[Event "Tournoi Skype 032B"]
[Site "Skype"]
[Date "????.??.??"]
[Round "4.49"]
[White "Lai, Mattia"]
[Black "Torres, Vicky"]
[Result "0-1"]
[WhiteElo "1424"]
[BlackElo "1400"]
[PlyCount "100"]

1. e4 e5 2. Nf3 Nc6 3. c3 Bc5 4. d3 Nf6 5. Bg5 O-O 6. Nbd2 Be7 7. d4 exd4 8.
cxd4 d5 9. e5 Ne4 10. Nxe4 dxe4 11. h4 exf3 12. Qxf3 Nxd4 13. Qd3 Bf5 14. Qd2
Nc2+ 15. Kd1 Nxa1 16. Qxd8 Raxd8+ 17. Kc1 Bxg5+ 18. hxg5 Bg6 19. f4 Nc2 20. g4
Be4 21. Rh3 Nd4 22. Bc4 Bf3 23. Rg3 Ne2+ 24. Bxe2 Bxe2 25. f5 Rd1+ 26. Kc2 Rfd8
27. e6 fxe6 28. fxe6 Re8 29. Re3 Bxg4 30. e7 Rd7 31. Kb3 Rexe7 32. Rxe7 Rxe7
33. Ka4 a6 34. b4 Bd7+ 35. Ka5 Re5+ 36. b5 Rxb5+ 37. Ka4 Rxg5+ 38. Kb3 h5 39.
a4 h4 40. a5 h3 41. Kb4 h2 42. Kc4 h1=Q 43. Kb4 Rb5+ 44. Kc4 Qd5+ 45. Kc3 Rc5+
46. Kb4 Qd4+ 47. Kb3 Qc4+ 48. Ka3 Qc3+ 49. Ka2 Rxa5+ 50. Kb1 Ra1# 0-1

[Event "Tournoi Skype 032B"]
[Site "Skype"]
[Date "????.??.??"]
[Round "4.50"]
[White "Melo, Marcelo"]
[Black "Bolanos Ocampo, Sandra"]
[Result "0-1"]
[WhiteElo "1400"]
[BlackElo "1423"]
[PlyCount "62"]

1. d4 d5 2. Bf4 Bf5 3. e3 Nf6 4. Nf3 e6 5. c3 Nc6 6. Bb5 Bd6 7. Bg5 a6 8. Ba4
h6 9. Bh4 O-O 10. O-O b5 11. Ne5 Ne4 12. Bxd8 Raxd8 13. Nxc6 Rd7 14. Bc2 Re8
15. Bxe4 dxe4 16. g4 Bg6 17. d5 exd5 18. Qxd5 Re6 19. Nd4 Re5 20. Qa8+ Kh7 21.
Qxa6 Rg5 22. h3 h5 23. Rd1 hxg4 24. hxg4 Rxg4+ 25. Kf1 Bh2 26. Ke2 Rg2 27. Rh1
Bh5+ 28. Kf1 Bf3 29. Rxh2+ Rxh2 30. Nxf3 exf3 31. Nd2 Rh1# 0-1

[Event "Tournoi Skype 032B"]
[Site "Skype"]
[Date "????.??.??"]
[Round "4.52"]
[White "Baratta, Giuseppe"]
[Black "Guillen Andrinal, Pablo"]
[Result "1-0"]
[WhiteElo "1398"]
[BlackElo "1411"]
[PlyCount "79"]

1. d4 Nf6 2. Bf4 d6 3. h3 Nc6 4. e3 e5 5. dxe5 dxe5 6. Bg3 Qxd1+ 7. Kxd1 Nd5 8.
Nc3 Nxc3+ 9. bxc3 Bd6 10. Nf3 O-O 11. Ng5 Rd8 12. Bd3 g6 13. Re1 Bf5 14. Ne4
Bxe4 15. Bxe4 Ba3+ 16. Bd3 Bb2 17. Rb1 Bxc3 18. Re2 Rab8 19. f4 exf4 20. Bxf4
Rdc8 21. Rb3 Be5 22. Bxe5 Nxe5 23. Be4 Rd8+ 24. Rd2 Rxd2+ 25. Kxd2 Rd8+ 26. Kc1
Nc4 27. Bxb7 Nxe3 28. Rxe3 Kg7 29. Re7 c5 30. Ba6 Ra8 31. Bc4 a5 32. Rxf7+ Kh8
33. Rc7 Rf8 34. Rxc5 a4 35. g4 Rf2 36. Rc8+ Kg7 37. Rg8+ Kh6 38. h4 Rg2 39. g5+
Rxg5 40. hxg5+ 1-0

[Event "Tournoi Skype 032B"]
[Site "Skype"]
[Date "????.??.??"]
[Round "4.53"]
[White "Bosetti, Giancarlo"]
[Black "De Souza, Luciano"]
[Result "0-1"]
[WhiteElo "1389"]
[BlackElo "1407"]
[PlyCount "72"]

1. e4 e6 2. d4 d5 3. e5 c5 4. c3 Nc6 5. Nf3 Bd7 6. Bd3 cxd4 7. cxd4 Qb6 8. Bc2
Nge7 9. O-O Nf5 10. Ba4 Nfxd4 11. Nxd4 Qxd4 12. Qxd4 Nxd4 13. Bxd7+ Kxd7 14.
Nc3 Nc6 15. Ne2 Nxe5 16. b3 Rc8 17. Bb2 Rc2 18. Bxe5 Rxe2 19. Bd4 f6 20. Bxa7
Ba3 21. Rfd1 Bb2 22. Rab1 Ra8 23. Kf1 Rc2 24. Bd4 Bxd4 25. Rxd4 Raxa2 26. Rf4
e5 27. Rf5 Ke6 28. Rf3 e4 29. Rf4 Ke5 30. g3 g5 31. Rxf6 Kxf6 32. b4 Rxf2+ 33.
Kg1 Rg2+ 34. Kh1 Raf2 35. Rd1 Ke5 36. Rxd5+ Kxd5 0-1

[Event "Tournoi Skype 032B"]
[Site "Skype"]
[Date "????.??.??"]
[Round "4.54"]
[White "Rodgerson, Michael"]
[Black "Roberge, Yves"]
[Result "0-1"]
[WhiteElo "1307"]
[BlackElo "1401"]
[PlyCount "44"]

1. d4 Nf6 2. Nf3 e6 3. e3 d5 4. Bd3 Nbd7 5. O-O Bd6 6. c3 O-O 7. Nbd2 Re8 8.
Qc2 e5 9. b3 e4 10. Bb5 exf3 11. Nxf3 Ne4 12. Qe2 Nxc3 13. Qd2 Nxb5 14. Bb2 b6
15. Rac1 Nf6 16. Rc6 Ne4 17. Qd3 a6 18. a4 Ng5 19. axb5 Nxf3+ 20. gxf3 Bh3 21.
Rfc1 Qg5+ 22. Kh1 Qg2# 0-1

[Event "Tournoi Skype 032B"]
[Site "Skype"]
[Date "????.??.??"]
[Round "4.55"]
[White "Aghaee, Shirin"]
[Black "Santa Cruz, Oscar Ruben"]
[Result "1-0"]
[WhiteElo "1400"]
[BlackElo "1393"]
[PlyCount "65"]

1. e4 e6 2. d4 d5 3. e5 c5 4. c3 Nc6 5. Nf3 Nge7 6. Qc2 Nf5 7. b4 cxd4 8. c4
Nxb4 9. Qa4+ Nc6 10. cxd5 exd5 11. Bd3 Bb4+ 12. Nbd2 O-O 13. Rb1 Nfe7 14. Nxd4
Qb6 15. Nc2 Bxd2+ 16. Kxd2 Qxb1 17. Qa3 Nxe5 18. Be2 Re8 19. Rd1 Bf5 20. Nd4
Be4 21. Bb2 Nc4+ 22. Bxc4 Qxd1+ 23. Kxd1 dxc4 24. Qb4 Rac8 25. Nb5 Nf5 26. Nxa7
Red8+ 27. Kc1 Rc7 28. Nb5 Rc6 29. Qe1 Bd5 30. Qe5 Bf3 31. Qxf5 Bxg2 32. Qg5 Bf3
33. Qxg7# 1-0

[Event "Tournoi Skype 032B"]
[Site "Skype"]
[Date "????.??.??"]
[Round "4.56"]
[White "Alcaraz Acosta, Luisa Montserrat"]
[Black "Cisterna, Manuel"]
[Result "1-0"]
[WhiteElo "1382"]
[BlackElo "1400"]
[PlyCount "37"]

1. e4 e6 2. d4 Nf6 3. Nc3 Bb4 4. e5 Bxc3+ 5. bxc3 Nd5 6. Nf3 d6 7. Bg5 f6 8.
exf6 Nxc3 9. fxg7 Nxd1 10. gxh8=Q+ Kd7 11. Qxd8+ Kc6 12. Rxd1 Bd7 13. d5+ exd5
14. Nd4+ Kc5 15. Qf6 Nc6 16. Nb3+ Kb4 17. Qf4+ Ka3 18. Qc1+ Kxa2 19. Qa1# 1-0

[Event "Tournoi Skype 032B"]
[Site "Skype"]
[Date "????.??.??"]
[Round "4.57"]
[White "Mendoza Lainez, Ricardo Jose"]
[Black "Ngwevela, Luzuko"]
[Result "1-0"]
[WhiteElo "1452"]
[BlackElo "1381"]
[PlyCount "55"]

1. d4 d5 2. c4 e6 3. Nc3 Nf6 4. Bg5 h6 5. Bh4 c5 6. e3 Nc6 7. Nf3 Bd6 8. Bd3
cxd4 9. exd4 O-O 10. Qc2 g6 11. g4 Ne7 12. g5 hxg5 13. Bxg5 Nh5 14. O-O-O Re8
15. Ne5 Kf8 16. Bh6+ Kg8 17. Bxg6 fxg6 18. Nxg6 Kf7 19. Ne5+ Kf6 20. f4 Bd7 21.
Rhg1 Rg8 22. Ng4+ Kf7 23. Qh7+ Ng7 24. Ne5+ Bxe5 25. fxe5 Rh8 26. Qxg7+ Ke8 27.
Qxh8+ Kf7 28. Rg7# 1-0

[Event "Tournoi Skype 032B"]
[Site "Skype"]
[Date "????.??.??"]
[Round "4.59"]
[White "Viatge, Fabrice"]
[Black "Pingarron, Pilar"]
[Result "1-0"]
[WhiteElo "1400"]
[BlackElo "1400"]
[PlyCount "55"]

1. e4 e5 2. Nf3 Nf6 3. Nc3 d5 4. exd5 Bd6 5. d3 O-O 6. Bg5 Nbd7 7. Be2 b6 8.
Ne4 Bb4+ 9. c3 Be7 10. O-O h6 11. Bh4 Bb7 12. c4 c5 13. Bg3 a5 14. Nxe5 Ra6 15.
Nxd7 Nxd7 16. Bf3 a4 17. Rb1 Nf6 18. Re1 Bc8 19. d6 Ra7 20. dxe7 Qxe7 21. Bd6
Qe8 22. Nxf6+ Kh8 23. Rxe8 Rxe8 24. Nxe8 Rd7 25. Qe2 Rd8 26. Qe7 Rxd6 27. Qf8+
Kh7 28. Qxg7# 1-0

[Event "Tournoi Skype 032B"]
[Site "Skype"]
[Date "????.??.??"]
[Round "4.60"]
[White "Samudio Villarreal, Eduardo"]
[Black "Lecluyse, Koenraad"]
[Result "0-1"]
[WhiteElo "1379"]
[BlackElo "1458"]
[PlyCount "48"]

1. d4 d5 2. e3 Nf6 3. Bd3 e6 4. Nf3 Bd6 5. b3 c5 6. Bb2 O-O 7. Nc3 Nc6 8. Nb5
a6 9. Nxd6 Qxd6 10. c3 b5 11. Qc2 g6 12. Ng5 cxd4 13. cxd4 e5 14. O-O exd4 15.
exd4 Qf4 16. Bc1 Qxd4 17. Be3 Qe5 18. Nf3 Qh5 19. Bc5 Re8 20. Rfe1 Bg4 21. Re3
Bxf3 22. Rxe8+ Rxe8 23. Qd2 Ng4 24. Re1 Qxh2+ 0-1

[Event "Tournoi Skype 032B"]
[Site "Skype"]
[Date "????.??.??"]
[Round "4.61"]
[White "Podesta, Javier"]
[Black "Grib, Jessica"]
[Result "1-0"]
[WhiteElo "1400"]
[BlackElo "1437"]
[PlyCount "121"]

1. d4 Nf6 2. Nf3 Nc6 3. Bf4 d6 4. e3 Bg4 5. Nbd2 e6 6. c4 Be7 7. h3 Bh5 8. Bd3
g6 9. Qc2 Nb4 10. Qb3 Nxd3+ 11. Qxd3 c6 12. g4 Nxg4 13. hxg4 Bxg4 14. Ng5 Bxg5
15. Rg1 f5 16. f3 Bh4+ 17. Kd1 Qa5 18. fxg4 Qa4+ 19. b3 Qa3 20. gxf5 exf5 21.
Rh1 Bf2 22. Bxd6 Qxd6 23. Rf1 Bh4 24. e4 f4 25. Nf3 O-O-O 26. Nxh4 Qf6 27. Nf3
Qg7 28. Ne5 Rdf8 29. Qh3+ Kc7 30. d5 c5 31. Nd3 Qxa1+ 32. Kc2 Qxa2+ 33. Nb2 h5
34. Qh1 h4 35. Ra1 Qa6 36. Rxa6 bxa6 37. Qg1 Rfg8 38. Qg4 g5 39. Nd1 h3 40. Nf2
h2 41. Nh1 a5 42. Kc3 a6 43. e5 Kb7 44. d6 Kc6 45. Kd3 Rg7 46. Ke4 Rf8 47. d7
Rxd7 48. Qxg5 Rd4+ 49. Kf3 Rd3+ 50. Kg4 f3 51. Qh6+ Kd7 52. Qxf8 Ke6 53. Qh6+
Kf7 54. Qxh2 Rxb3 55. Qf4+ Ke6 56. Qf6+ Kd7 57. e6+ Ke8 58. Qf7+ Kd8 59. e7+
Kd7 60. e8=Q+ Kd6 61. Qee6# 1-0

[Event "Tournoi Skype 032B"]
[Site "Skype"]
[Date "????.??.??"]
[Round "4.62"]
[White "Coraza, Diana"]
[Black "Carias, Nancy"]
[Result "1-0"]
[WhiteElo "1400"]
[BlackElo "1333"]
[PlyCount "43"]

1. e4 e5 2. Nf3 Nc6 3. Bb5 Nce7 4. Nc3 a6 5. Bc4 Nf6 6. Nxe5 d5 7. exd5 g5 8.
Qf3 Bg7 9. d6 O-O 10. d4 cxd6 11. Bxg5 Ng4 12. Nxf7 Qd7 13. Ne5+ d5 14. Nxd7
Rxf3 15. gxf3 Bxd7 16. Nxd5 Re8 17. Nf6+ Kh8 18. Nxe8 Bxe8 19. Bxe7 Bxd4 20.
O-O-O Nxf2 21. Rxd4 Nxh1 22. Bf6# 1-0

[Event "Tournoi Skype 032B"]
[Site "Skype"]
[Date "????.??.??"]
[Round "4.63"]
[White "Guzman Diaz, Valeria"]
[Black "Cassano, Mariangela"]
[Result "1-0"]
[WhiteElo "1400"]
[BlackElo "1306"]
[PlyCount "67"]

1. d3 e5 2. c4 Bc5 3. Bd2 d6 4. g3 Nf6 5. Nc3 O-O 6. Qb3 Bf5 7. h3 Nc6 8. g4
Be6 9. f3 Nd4 10. Qd1 d5 11. e3 Nb5 12. Nxb5 a6 13. Na3 e4 14. b4 Bxb4 15. Bxb4
c6 16. f4 b5 17. f5 Bd7 18. Qd2 Re8 19. O-O-O dxc4 20. g5 exd3 21. gxf6 Qxf6
22. Nb1 Bxf5 23. a4 bxa4 24. Qa2 Be4 25. Rh2 Re6 26. Bc3 Bd5 27. Bxf6 Rxf6 28.
Bg2 Rg6 29. e4 Bxe4 30. Bxe4 d2+ 31. Nxd2 Rxg1 32. Rxg1 Re8 33. Rhg2 Re5 34.
Qxc4 1-0

[Event "Tournoi Skype 032B"]
[Site "Skype"]
[Date "????.??.??"]
[Round "4.64"]
[White "Trapletti, Cosetta"]
[Black "Kumar, Ajeet"]
[Result "0-1"]
[WhiteElo "1400"]
[BlackElo "1400"]
[PlyCount "114"]

1. d4 e5 2. e3 a6 3. Nf3 Nc6 4. Bd3 d6 5. Nbd2 Nge7 6. c3 Be6 7. e4 exd4 8.
Nxd4 Nxd4 9. cxd4 Nc6 10. d5 Bxd5 11. exd5 Ne7 12. Nf3 Nxd5 13. a3 Be7 14. O-O
Nf6 15. Bf5 d5 16. Be3 h6 17. Rc1 g5 18. Bd4 g4 19. Nh4 Rg8 20. g3 h5 21. Re1
c6 22. Bxf6 Qb6 23. Re2 c5 24. Bxe7 Qc6 25. Bf6+ Kf8 26. Qd2 Qxf6 27. Qxd5 Re8
28. b4 Rxe2 29. Qxc5+ Kg7 30. Bd3 Rd2 31. Nf5+ Kh8 32. Be4 Re8 33. Re1 b6 34.
Qc1 Rdd8 35. Kg2 Rxe4 36. Rxe4 Qxf5 37. Rf4 Qd5+ 38. Kg1 Kg8 39. Qe1 Qg5 40.
Qe4 Rf8 41. Qe3 h4 42. gxh4 Qxh4 43. Qg3 Qh6 44. Rxg4+ Kh7 45. f3 Qe3+ 46. Kg2
f5 47. Qh4+ Qh6 48. Qxh6+ Kxh6 49. Rh4+ Kg5 50. Rg4+ fxg4 51. Kg3 Rxf3+ 52. Kg2
Rxa3 53. Kf2 Rb3 54. Ke2 Rxb4 55. Kd2 Rb2+ 56. Kc3 Rxh2 57. Kc4 g3 0-1

[Event "Tournoi Skype 032B"]
[Site "Skype"]
[Date "????.??.??"]
[Round "5.1"]
[White "Castanha, Marco"]
[Black "Conde, Abigail"]
[Result "0-1"]
[WhiteElo "1547"]
[BlackElo "1485"]
[PlyCount "104"]

1. e4 c5 2. Nf3 e6 3. d4 h6 4. dxc5 Bxc5 5. Bc4 Nf6 6. Nc3 Ng4 7. O-O O-O 8. h3
Nf6 9. e5 Ne8 10. Re1 d6 11. Be3 Qb6 12. Bxc5 Qxc5 13. Bb3 d5 14. a3 a6 15. Na4
Qc6 16. Nc3 b5 17. Nd4 Qc5 18. Nce2 a5 19. c3 a4 20. Bc2 Nc7 21. Qd3 g6 22. Nf4
Qe7 23. Nxb5 Ra5 24. Nxc7 Qxc7 25. Nh5 Ba6 26. Nf6+ Kg7 27. Qg3 Nd7 28. Qf3
Nxe5 29. Rxe5 Qxe5 30. Nd7 Qd6 31. Qf6+ Kg8 32. Nxf8 Qxf8 33. h4 h5 34. Qg5 Be2
35. Qd2 Bc4 36. Qd1 e5 37. Bxa4 Qd6 38. Bc2 d4 39. cxd4 exd4 40. Qe1 Re5 41.
Qb4 Qd5 42. Rd1 Re2 43. Bd3 Bxd3 44. Rxd3 Qe4 45. Qb8+ Kg7 46. Rd1 d3 47. Qd8
d2 48. Rxd2 Re1+ 49. Kh2 Qf4+ 50. g3 Qf3 51. Qd4+ Kh7 52. g4 Rh1# 0-1

[Event "Tournoi Skype 032B"]
[Site "Skype"]
[Date "????.??.??"]
[Round "5.2"]
[White "Capanema, Gleber"]
[Black "Barrera Mendoza, Carlos"]
[Result "0-1"]
[WhiteElo "1400"]
[BlackElo "1521"]
[PlyCount "98"]

1. d4 Nf6 2. c4 d6 3. g3 g6 4. Bg2 Bg7 5. Nf3 O-O 6. O-O Nbd7 7. Nc3 e5 8. dxe5
dxe5 9. Qc2 c6 10. Rd1 Qc7 11. a4 a5 12. Ne4 Nxe4 13. Qxe4 Nc5 14. Qc2 Bf5 15.
e4 Nxe4 16. Qe2 Nc5 17. Ra3 Rfe8 18. Nh4 Be6 19. Be3 Na6 20. Rad3 Bxc4 21. Be4
Bxd3 22. Bxd3 Rad8 23. Bg5 f6 24. Be3 Nb4 25. Bc4+ Kh8 26. Rxd8 Rxd8 27. f4 Nd5
28. Bxd5 cxd5 29. fxe5 fxe5 30. Bg5 Re8 31. Nf3 Qb6+ 32. Be3 Qc6 33. Ng5 Qd7
34. h4 h6 35. Nf3 d4 36. Bd2 b6 37. Nh2 e4 38. Ng4 d3 39. Qd1 Qc6 40. Nxh6 e3
41. Nf7+ Kg8 42. Qb3 Kf8 43. Ng5 Qd7 44. Nh7+ Ke7 45. Bxe3 Kd8 46. Bxb6+ Kc8
47. Bxa5 Bd4+ 48. Kg2 Re2+ 49. Kf3 Qf5# 0-1

[Event "Tournoi Skype 032B"]
[Site "Skype"]
[Date "????.??.??"]
[Round "5.3"]
[White "Le Bouill, Pierre"]
[Black "Rivalta, Paolo"]
[Result "0-1"]
[WhiteElo "1534"]
[BlackElo "1499"]
[PlyCount "98"]

1. d4 d5 2. Nf3 Nf6 3. h3 b6 4. Bf4 Bb7 5. c3 e6 6. e3 Bd6 7. Bh2 Bxh2 8. Nxh2
O-O 9. Bd3 Nbd7 10. O-O c5 11. b3 Re8 12. Nd2 e5 13. f3 e4 14. fxe4 dxe4 15.
Be2 Rc8 16. Ng4 Qc7 17. Nxf6+ Nxf6 18. Bg4 Rcd8 19. Rf2 Ba6 20. Nf1 cxd4 21.
cxd4 Re5 22. Rc1 Qe7 23. Rf5 Rxf5 24. Bxf5 Rd5 25. Ng3 g6 26. Bg4 Qd6 27. Qe1
Rg5 28. Rc2 Nxg4 29. hxg4 Rxg4 30. Nh1 Rg5 31. g3 h5 32. Rg2 Qf6 33. Rf2 Qe6
34. Rh2 Qf5 35. Qf2 Qg4 36. Qd2 Rf5 37. Rf2 Rg5 38. Rg2 Bc8 39. Nf2 Qf3 40. Qd1
Qxe3 41. Qc2 Bh3 42. Kh2 Bxg2 43. Kxg2 Qxg3+ 44. Kf1 Qg2+ 45. Ke2 Rf5 46. Qc8+
Kg7 47. Ke3 Qf3+ 48. Kd2 Qxf2+ 49. Kc3 Rc5+ 0-1

[Event "Tournoi Skype 032B"]
[Site "Skype"]
[Date "????.??.??"]
[Round "5.4"]
[White "Parrales, Rodolfo"]
[Black "Mfengu, Daluthando"]
[Result "1-0"]
[WhiteElo "1533"]
[BlackElo "1483"]
[PlyCount "45"]

1. e4 e5 2. d4 exd4 3. c3 d5 4. Qxd4 Qe7 5. Bd3 Nf6 6. Nd2 Bf5 7. f3 Nc6 8. Qe3
O-O-O 9. Ne2 dxe4 10. Nxe4 Bxe4 11. Bxe4 Nxe4 12. fxe4 Qh4+ 13. Ng3 Qh5 14. O-O
Bc5 15. Nxh5 Bxe3+ 16. Bxe3 g6 17. Nf6 Kb8 18. Nd5 Rhe8 19. Bf4 Ne5 20. Bxe5
Rxe5 21. Rxf7 c6 22. Nf6 h5 23. Nd7+ 1-0

[Event "Tournoi Skype 032B"]
[Site "Skype"]
[Date "????.??.??"]
[Round "5.5"]
[White "Guillaume, Mickael"]
[Black "Khatanhar, Mohit"]
[Result "1/2-1/2"]
[WhiteElo "1511"]
[BlackElo "1515"]
[PlyCount "59"]

1. e4 e5 2. Nf3 Nc6 3. c3 Nf6 4. d3 d5 5. Nbd2 dxe4 6. dxe4 Bd6 7. Bb5 Bd7 8.
O-O a6 9. Bc4 O-O 10. Re1 Re8 11. Qb3 Be6 12. Nf1 Bxc4 13. Qxc4 Ne7 14. Bg5 Ng6
15. Ng3 h6 16. Bxf6 Qxf6 17. Nf5 c6 18. Rad1 Rad8 19. Rd2 Bc7 20. Red1 Rxd2 21.
Rxd2 Rd8 22. Qb4 Rxd2 23. Nxd2 b5 24. c4 Bd8 25. cxb5 axb5 26. b3 Ne7 27. Nxe7+
Bxe7 28. Qc3 Qd6 29. h3 Bg5 30. Nf3 1/2-1/2

[Event "Tournoi Skype 032B"]
[Site "Skype"]
[Date "????.??.??"]
[Round "5.6"]
[White "Moumtaz, Abderrahim"]
[Black "Linares Vernet, Ana"]
[Result "1-0"]
[WhiteElo "1598"]
[BlackElo "1485"]
[PlyCount "90"]

1. d4 d5 2. c4 c6 3. cxd5 cxd5 4. Nf3 Nf6 5. Nc3 e6 6. Bg5 Be7 7. e3 Nfd7 8.
Bxe7 Qxe7 9. Bb5 O-O 10. O-O a6 11. Be2 Nf6 12. Re1 Bd7 13. Rc1 Ne4 14. Qc2 Bc6
15. Bd3 Nd7 16. Nxe4 dxe4 17. Bxe4 Bxe4 18. Qxe4 Nf6 19. Qe5 Rac8 20. Rxc8 Rxc8
21. a3 Qc7 22. Qxc7 Rxc7 23. b4 Kf8 24. Kf1 Nd5 25. Nd2 b5 26. Ne4 Nc3 27. Rc1
Rc4 28. Rxc3 Ke7 29. Rxc4 bxc4 30. Ke2 f5 31. Nc3 Kd6 32. a4 Kc6 33. Kf3 h5 34.
h4 g6 35. e4 fxe4+ 36. Kxe4 Kd6 37. d5 Kd7 38. Kd4 exd5 39. Kxd5 Ke7 40. Kxc4
Kf6 41. Nd5+ Kf5 42. Kd4 Kg4 43. Ke3 Kxh4 44. Kf3 g5 45. g3+ Kh3 1-0

[Event "Tournoi Skype 032B"]
[Site "Skype"]
[Date "????.??.??"]
[Round "5.7"]
[White "Duthoit, Bernard"]
[Black "Koohnavard, Neda"]
[Result "1-0"]
[WhiteElo "1566"]
[BlackElo "1481"]
[PlyCount "79"]

1. e4 e6 2. d4 Bb4+ 3. c3 Ba5 4. Nf3 Nf6 5. Bg5 h6 6. Bh4 O-O 7. e5 g5 8. Bxg5
hxg5 9. exf6 Qxf6 10. Bd3 d6 11. Qd2 c6 12. Nxg5 Bxc3 13. bxc3 e5 14. Nh7 Qg7
15. O-O Bh3 16. Ng5 Bd7 17. Qe3 f6 18. Nh7 Rf7 19. Qg3 Kh8 20. Qh4 Kg8 21. dxe5
dxe5 22. Bc4 Qxh7 23. Qxh7+ Kxh7 24. Bxf7 Na6 25. f4 Rf8 26. Bc4 b5 27. Bd3+
Kg7 28. fxe5 fxe5 29. Rxf8 Kxf8 30. a4 Nc5 31. Bc2 a6 32. axb5 axb5 33. Nd2 Ke7
34. Rf1 Bc8 35. Ne4 Ne6 36. Bb3 Nf4 37. Kh1 Bb7 38. g3 Ne2 39. Rf7+ Ke8 40.
Rxb7 1-0

[Event "Tournoi Skype 032B"]
[Site "Skype"]
[Date "????.??.??"]
[Round "5.8"]
[White "Nontsikelelo, Yvonne"]
[Black "Luna Perez Vico, Lorenzo"]
[Result "1-0"]
[WhiteElo "1503"]
[BlackElo "1562"]
[PlyCount "45"]

1. d4 Nf6 2. Nf3 d5 3. c4 g6 4. cxd5 Nxd5 5. e4 Nf6 6. Nc3 Bg7 7. Bc4 c6 8. a4
e6 9. O-O O-O 10. h3 Nbd7 11. Re1 Qc7 12. Be3 a5 13. Rc1 b6 14. e5 Nd5 15. Nxd5
exd5 16. Bxd5 Bb7 17. Qb3 Rae8 18. Bxf7+ Rxf7 19. e6 Rf6 20. exd7+ Ree6 21. Bg5
Rxf3 22. Qxe6+ Rf7 23. d8=Q+ 1-0

[Event "Tournoi Skype 032B"]
[Site "Skype"]
[Date "????.??.??"]
[Round "5.9"]
[White "Ruiz Aguilera, Juan Jesus"]
[Black "Rodriguez, Nathalie"]
[Result "1-0"]
[WhiteElo "1500"]
[BlackElo "1537"]
[PlyCount "91"]

1. e4 e5 2. Nf3 Nc6 3. Bb5 d6 4. c3 Nf6 5. Bxc6+ bxc6 6. Qa4 Qd7 7. O-O Be7 8.
d4 exd4 9. cxd4 O-O 10. Bg5 h6 11. Bxf6 Bxf6 12. e5 dxe5 13. dxe5 Be7 14. Qe4
Ba6 15. Rc1 Bb5 16. Nc3 Bd3 17. Qd4 Qxd4 18. Nxd4 Bc5 19. Nxc6 Rab8 20. Nxb8
Rxb8 21. Nd5 c6 22. Rxc5 cxd5 23. Rxd5 Bc4 24. Rd2 Re8 25. b3 Ba6 26. f4 Kh7
27. Rd7 Kg8 28. Rxa7 Bd3 29. Rc1 Bf5 30. Kf2 Rd8 31. Ke3 Rd3+ 32. Ke2 Rd4 33.
Rcc7 Bg6 34. Ra4 Rd5 35. g4 Bd3+ 36. Ke3 Bb5 37. Rd4 Rxd4 38. Kxd4 Be2 39. g5
hxg5 40. fxg5 Kh7 41. Rxf7 Bh5 42. Rc7 Kg6 43. h4 Kf5 44. Rxg7 Kg4 45. Rh7 Kxh4
46. g6 1-0

[Event "Tournoi Skype 032B"]
[Site "Skype"]
[Date "????.??.??"]
[Round "5.10"]
[White "Radice, Marco"]
[Black "Yepez, German"]
[Result "0-1"]
[WhiteElo "1534"]
[BlackElo "1476"]
[PlyCount "94"]

1. d4 d5 2. Nf3 Nf6 3. g3 Nc6 4. Bg2 e6 5. O-O Bd6 6. c4 O-O 7. Nc3 dxc4 8. Qa4
e5 9. Qxc4 exd4 10. Nxd4 Ne5 11. Qb3 c6 12. Rd1 Qc7 13. Ne4 Be7 14. Bg5 Nxe4
15. Bxe7 Nxf2 16. Kxf2 Qxe7 17. Kg1 Ng4 18. Nc2 Qxe2 19. Re1 Qf2+ 20. Kh1 Rb8
21. Rf1 Qc5 22. Qf3 Qxc2 23. Rae1 Qg6 24. Qb3 Qh5 25. h4 Be6 26. Qc3 Nf6 27.
Re5 Qh6 28. Rg5 Nd5 29. Qe5 Rbe8 30. Bxd5 Bxd5+ 31. Kh2 Rxe5 32. Rxe5 Rb8 33.
Rfe1 Be6 34. a3 Qd2+ 35. R5e2 Qd4 36. Re4 Qxb2+ 37. R1e2 Qxa3 38. g4 g6 39. h5
Bd5 40. R4e3 Qd6+ 41. Kh3 gxh5 42. gxh5 Be6+ 43. Kh4 Qd8+ 44. Kg3 Qg5+ 45. Kf2
Qxh5 46. Rg3+ Kh8 47. Kg1 Rg8 0-1

[Event "Tournoi Skype 032B"]
[Site "Skype"]
[Date "????.??.??"]
[Round "5.11"]
[White "Roberts, Mario"]
[Black "Montilla Bejarano, Mey"]
[Result "1-0"]
[WhiteElo "1519"]
[BlackElo "1450"]
[PlyCount "121"]

1. c4 c5 2. Nc3 e6 3. g3 Nc6 4. Bg2 b6 5. Nf3 Bb7 6. Ne5 Nge7 7. Nb5 Nc8 8. d4
a6 9. Na3 Qc7 10. Bf4 d6 11. Nxc6 Bxc6 12. d5 Bb7 13. e4 e5 14. Bd2 Ne7 15. Nc2
a5 16. Ne3 Ng8 17. Qa4+ Kd8 18. Nf5 Bc8 19. Bg5+ f6 20. Bh4 g5 21. Bf3 gxh4 22.
Bh5 Bd7 23. Qd1 Nh6 24. Nxh6 Bxh6 25. Bf7 Be8 26. Be6 Ra7 27. gxh4 Qg7 28. Qg4
Qxg4 29. Bxg4 Rg8 30. Bh3 Rag7 31. Ke2 Bh5+ 32. f3 Bf4 33. Raf1 Be8 34. Rf2 Bd7
35. Bf1 Rg1 36. Rxg1 Rxg1 37. a4 Rh1 38. h3 Bxh3 39. Bxh3 Rxh3 40. b3 Rxh4 41.
Rg2 h5 42. Rg8+ Ke7 43. Rg7+ Kd8 44. Rg8+ Ke7 45. Rb8 Rh1 46. Rxb6 h4 47. Rb7+
Ke8 48. Rh7 h3 49. Kf2 h2 50. Rxh2 Rxh2+ 51. Ke1 Rb2 52. Kd1 Rxb3 53. Kc2 Rxf3
54. Kd1 Ra3 55. Kc2 Rxa4 56. Kb3 Rb4+ 57. Ka2 a4 58. Ka1 Rxc4 59. Kb2 Rxe4 60.
Kb1 c4 61. Kc2 1-0

[Event "Tournoi Skype 032B"]
[Site "Skype"]
[Date "????.??.??"]
[Round "5.12"]
[White "Ruiz Gomez, Luz Alba"]
[Black "Gomez Caballero, Blas"]
[Result "1-0"]
[WhiteElo "1472"]
[BlackElo "1518"]
[PlyCount "51"]

1. d4 d5 2. Bf4 Nc6 3. e3 a6 4. Nd2 Nf6 5. c3 Bd7 6. Ngf3 e6 7. Bd3 Be7 8. h3
Nh5 9. Bh2 Bd6 10. Ne5 Nf6 11. O-O Qe7 12. Qb3 Bc8 13. Rac1 O-O 14. c4 Bb4 15.
Rfd1 Nxe5 16. Bxe5 Bxd2 17. Rxd2 Ne4 18. Rdd1 Qh4 19. Bxe4 dxe4 20. Bxc7 Qf6
21. Be5 Qg6 22. c5 f6 23. Bg3 Rf7 24. c6 e5 25. dxe5 fxe5 26. Rd8# 1-0

[Event "Tournoi Skype 032B"]
[Site "Skype"]
[Date "????.??.??"]
[Round "5.13"]
[White "Vervoort, Jean-Louis"]
[Black "Jimenez Del Rosario, Alsis Raynely"]
[Result "1/2-1/2"]
[WhiteElo "1459"]
[BlackElo "1515"]
[PlyCount "50"]

1. d4 Nf6 2. d5 d6 3. c4 e6 4. Nc3 exd5 5. cxd5 c6 6. e4 Qe7 7. Nge2 cxd5 8.
exd5 Ne4 9. Qc2 Bf5 10. Qb3 Na6 11. Be3 Nac5 12. Bxc5 dxc5 13. O-O-O Nxc3 14.
Nxc3 Qg5+ 15. Rd2 a6 16. Qxb7 Rd8 17. Qxa6 Bd6 18. g3 O-O 19. Bd3 Bxd3 20. Qxd3
Rc8 21. Qc4 Rfe8 22. Ne4 Qe7 23. Nxd6 Qxd6 24. Rdd1 Qb6 25. b3 Qb4 1/2-1/2

[Event "Tournoi Skype 032B"]
[Site "Skype"]
[Date "????.??.??"]
[Round "5.14"]
[White "Martin Fernandez, Enrique"]
[Black "Ibanez, Bittor"]
[Result "0-1"]
[WhiteElo "1513"]
[BlackElo "1440"]
[PlyCount "40"]

1. d4 d5 2. c4 Nf6 3. Bg5 Nbd7 4. Nc3 h6 5. Bh4 g5 6. Bg3 Nh5 7. Nxd5 Nxg3 8.
hxg3 c6 9. Nc3 Nf6 10. e3 Bf5 11. Nf3 e6 12. a3 Bd6 13. Bd3 Bxd3 14. Qxd3 Qc7
15. Rc1 O-O-O 16. c5 Bxc5 17. Na4 Qa5+ 18. Nc3 Bd6 19. b4 Qxa3 20. b5 Qxc3+ 0-1

[Event "Tournoi Skype 032B"]
[Site "Skype"]
[Date "????.??.??"]
[Round "5.15"]
[White "Marin Gomez, Ian Javier"]
[Black "De Coninck, Philippe"]
[Result "1-0"]
[WhiteElo "1442"]
[BlackElo "1510"]
[PlyCount "35"]

1. e4 e5 2. Nf3 Nc6 3. Bc4 Bc5 4. Nc3 Nf6 5. d3 Ng4 6. O-O d6 7. h3 h5 8. Qe2
Qe7 9. Be3 Nf6 10. Rad1 Na5 11. Nd5 Nxd5 12. Bxd5 Be6 13. d4 exd4 14. Nxd4 Bxd5
15. exd5 b6 16. Rfe1 O-O-O 17. Qa6+ Kb8 18. Nc6+ 1-0

[Event "Tournoi Skype 032B"]
[Site "Skype"]
[Date "????.??.??"]
[Round "5.16"]
[White "Bledsoe, Megan"]
[Black "Barba Cepeda, Julio Cesar"]
[Result "0-1"]
[WhiteElo "1436"]
[BlackElo "1508"]
[PlyCount "73"]

1. Nf3 Nc6 2. d4 d5 3. Bf4 Nf6 4. Nc3 Bf5 5. a3 e6 6. Nb5 Bd6 7. Nxd6+ cxd6 8.
e3 O-O 9. Bd3 Bxd3 10. Qxd3 Re8 11. O-O e5 12. dxe5 dxe5 13. Bg3 e4 14. Qe2
exf3 15. Qxf3 Rc8 16. Rfe1 Ne5 17. Bxe5 Rxe5 18. Qg3 Re6 19. c3 Ne4 20. Qf4 Rf6
21. Qh4 Nxf2 22. Rf1 Ne4 23. Rxf6 Qxf6 24. Qxf6 Nxf6 25. Rd1 Kf8 26. Kf1 Ke7
27. Ke2 Kd6 28. Rd4 Rc4 29. Kd3 Rxd4+ 30. Kxd4 Ne4 31. c4 Nf6 32. c5+ Kc6 33.
b4 b6 34. a4 bxc5+ 35. bxc5 Ne4 36. a5 Nxc5 37. a6 0-1